[Event "FRA-ch U14 Girls"]
[Site "Saint Paul Trois Chateaux"]
[Date "2013.05.01"]
[Round "4"]
[White "Mutschler, Marie"]
[Black "Gtari, Aliya"]
[Result "0-1"]
[WhiteElo "1257"]
[BlackElo "1566"]
[PlyCount "88"]
[EventDate "2013.04.28"]
[EventType "swiss"]
[EventRounds "9"]
[EventCountry "FRA"]
[SourceTitle "CBM 154 Extra"]
[Source "ChessBase"]
[SourceDate "2013.06.25"]
[SourceVersion "2"]
[SourceVersionDate "2013.06.25"]
[SourceQuality "1"]

1. d4 d5 2. Nf3 e6 3. e3 Nf6 4. Bd3 Bd6 5. Nbd2 0-0 6. 0-0 Nbd7 7. e4 dxe4 8. Nxe4 Nxe4 9. Bxe4 Nf6 10. c3 Nxe4 11. Qd3 Nc5 12. Qe3 Nd7 13. Rd1 c6 14. Ng5 Qf6 15. Re1 Bc7 16. Qe4 Qg6 17. Qe2 Nf6 18. Nf3 Qh5 19. h3 Re8 20. Ne5 Qxe2 21. Rxe2 Nd5 22. f4 f6 23. Nd3 b6 24. c4 Ne7 25. g4 Bd7 26. b3 Ng6 27. Bd2 a5 28. Rae1 Rad8 29. Kg2 c5 30. d5 exd5 31. cxd5 Rxe2+ 32. Rxe2 Bb5 33. Re3 Nxf4+ 34. Kf3 Nxd3 35. a4 Ba6 36. Re7 Ne5+ 37. Ke3 Rd7 38. Re6 Kf7 39. Bc3 Rxd5 40. Bxe5 Rxe5+ 41. Rxe5 fxe5 42. Ke4 Ke6 43. h4 Bb7+ 44. Ke3 Bd5 0-1

[Event "FRA-ch U12 Girls"]
[Site "Montlucon"]
[Date "2011.04.23"]
[Round "8"]
[White "Gtari, Aliya"]
[Black "Mutschler, Marie"]
[Result "1/2-1/2"]
[WhiteElo "1450"]
[BlackElo "1610"]
[PlyCount "108"]
[EventDate "2011.04.17"]
[EventType "swiss"]
[EventRounds "9"]
[EventCountry "FRA"]
[SourceTitle "CBM 142 Extra"]
[Source "ChessBase"]
[SourceDate "2011.06.27"]
[SourceVersion "1"]
[SourceVersionDate "2011.06.27"]
[SourceQuality "1"]

1. e4 c5 2. Nc3 d6 3. g3 Nf6 4. Bg2 g6 5. Nge2 Bg7 6. h3 0-0 7. 0-0 Nc6 8. d3 Bd7 9. Kh2 Rc8 10. a4 Nd4 11. Be3 Ne8 12. Qd2 a5 13. Bh6 e6 14. Rac1 Qb6 15. Bxg7 Kxg7 16. Rb1 Qb4 17. Ra1 b5 18. Qd1 bxa4 19. Qc1 Rb8 20. Rb1 Nf6 21. f4 Bc6 22. e5 dxe5 23. fxe5 Nd5 24. Nxd5 Bxd5 25. Bxd5 Nxe2 26. Qe3 Nxg3 27. Qxg3 exd5 28. Qf3 Qd2+ 29. Rf2 Qg5 30. Qxd5 Rbe8 31. Re1 Rc8 32. Qc4 Qe7 33. Qxa4 Rb8 34. Qa3 Qc7 35. Kg1 Qc8 36. Re3 Qc7 37. c3 Qe7 38. Rff3 Qc7 39. Qa2 Rbe8 40. d4 Rb8 41. Re2 Qb6 42. Ref2 cxd4 43. cxd4 Qxd4 44. Rxf7+ Kh6 45. e6 Rxf7 46. exf7 Rf8 47. h4 Kg7 48. Qxa5 Rxf7 49. Qc3 Qxc3 50. Rxf7+ Kxf7 51. bxc3 Ke6 52. Kf2 Kd5 53. Kf3 Kc4 54. Kg4 h6 1/2-1/2

[Event "FRA-ch U12 Girls"]
[Site "Montlucon"]
[Date "2011.04.18"]
[Round "3"]
[White "Malferrari, Sofia"]
[Black "Gtari, Aliya"]
[Result "1/2-1/2"]
[WhiteElo "1606"]
[BlackElo "1450"]
[PlyCount "37"]
[EventDate "2011.04.17"]
[EventType "swiss"]
[EventRounds "9"]
[EventCountry "FRA"]
[SourceTitle "CBM 142 Extra"]
[Source "ChessBase"]
[SourceDate "2011.06.27"]
[SourceVersion "1"]
[SourceVersionDate "2011.06.27"]
[SourceQuality "1"]

1. e4 d5 2. exd5 Qxd5 3. Nc3 Qd6 4. d4 a6 5. Nf3 b5 6. a3 Bb7 7. Be3 e6 8. Bd3 Be7 9. 0-0 Nf6 10. Qe2 0-0 11. Rad1 Nbd7 12. h3 Nb6 13. Rfe1 Rfe8 14. b4 Nfd5 15. Ne4 Qd8 16. Bg5 Bxg5 17. Nfxg5 h6 18. Nf3 Na4 19. Qd2 1/2-1/2